000 01261 a2200313 4500
090 _c10089 | 10089 | 10089
008 080814t xxu||||| |||| 00| 0 eng d
010 _a 2002074067
020 _a0521824281
020 _a0521531454 (pb.)
040 _aDLC
_cDLC
_dDLC
050 0 0 _aHM886
082 0 0 _a303.6
_221
_bTIL
100 1 _aTilly, Charles.
245 1 4 _aThe politics of collective violence /
_cCharles Tilly.
260 _aCambridge ;
_aNew York :
_bCambridge University Press,
_cc.2003.
300 _axii, 276 p. ;
_c24 cm.
440 0 _aCambridge studies in contentious politics
504 _aIncludes bibliographical references (p. 239-254) and index.
650 0 _aViolence.
650 0 _aPolitical violence.
650 0 _aCollective behavior.
856 4 1 _3Sample text
_uhttp://www.loc.gov/catdir/samples/cam034/2002074067.html
856 4 2 _3Publisher description
_uhttp://www.loc.gov/catdir/description/cam031/2002074067.html
856 4 1 _3Table of contents
_uhttp://www.loc.gov/catdir/toc/cam031/2002074067.html
942 _2ddc
_cARCH
999 _c10089 | 10089 | 10089
_d10089